000 00903nam a2200301Ia 4500
001 E0166
003 IT-RoPAU
008 130308s9999 xx 000 0 und d
040 _aIT-RoPAU
040 _cIT-RoPAU
041 _aITALIANO
100 _aGeremek Bronislaw
100 _gCodice Aut. SPICS: 46752
245 _aMasse
245 _bEnciclopedia Einaudi (Volume Ottavo: Labirinto-Memoria)
250 _a1a ed.
260 _aTORINO
260 _bEinaudi
260 _c1993 [1° Ed.:1993 - Ed.Ling.Originale:1993]
300 _a"29 p. (prefazione: no ; testo: 29 [pagine: 813-841])"
500 _aConcetto e Realtà. masse e Processo Storico. masse nella Storia. Psicologia delle folle e movimenti Sociali. Società di Massa.
650 _aOPERE varie DI CULTURA GENERALE
650 _eCodice materia Spics: 1002
942 _cBK
957 _71
999 _c76588
_d76588
999 _bSI
999 _g1